Tazkira-E-Meraatul Khiyal (Record no. 2945)
[ view plain ]
| 000 -LEADER | |
|---|---|
| fixed length control field | 00553nam a2200241 a 4500 |
| 020 ## - INTERNATIONAL STANDARD BOOK NUMBER | |
| ISBN | |
| 082 00 - DEWEY DECIMAL CLASSIFICATION NUMBER | |
| Classification number | 297.4 |
| Author Cutter | LOD |
| 100 ## - MAIN ENTRY--AUTHOR NAME | |
| Author name | Lodhi, Amir Sher Ali |
| 245 ## - TITLE STATEMENT | |
| Title | Tazkira-E-Meraatul Khiyal |
| 260 ## - PUBLICATION, DISTRIBUTION, ETC. (IMPRINT) | |
| Place of publication | |
| Name of publisher | |
| Year of publication | 1903 |
| 300 ## - PHYSICAL DESCRIPTION | |
| Number of Pages | 344p |
| 500 ## - GENERAL NOTE | |
| General note | includes index and biblioraphy |
| 505 2# - FORMATTED CONTENTS NOTE | |
| Formatted contents note | Index |
| 650 ## - SUBJECT ADDED ENTRY--TOPICAL TERM | |
| Topical Term | Sufism-Persian |
| 942 ## - ADDED ENTRY ELEMENTS (KOHA) | |
| Koha item type | Books |
| 700 1# - | |
| -- | Lodhi, Amir Sher Ali |
| Collection code | Home library | Current library | Date acquired | Cost, normal purchase price | Full call number | Accession Number | Koha item type |
|---|---|---|---|---|---|---|---|
| Henry Martyn Institute Library | Henry Martyn Institute Library | 09/17/2007 | 100.00 | 297.4 LOD | 04464 | Books |
